|
|
|
|
| LEADER |
00632nam a22001937a 4500 |
| 008 |
160922b xxu||||| |||| 00| 0 mal d |
| 020 |
|
|
|c INR
|
| 082 |
|
|
|a 297.211
|
| 100 |
|
|
|a Abdulla Moulavi, K. C.
|
| 245 |
|
|
|a Allahu Quranil /
|c K. C. Abdulla Moulavi,
|
| 250 |
|
|
|a 3rd ed.
|
| 260 |
|
|
|a Kozhikode:
|b Islamic Publishing House,
|c 1997.
|
| 300 |
|
|
|a 374 p. ;
|
| 650 |
|
|
|a Quran
|v God
|x Islam
|
| 650 |
|
|
|x Religion
|
| 942 |
|
|
|c BK
|
| 546 |
|
|
|a In malayalam
|
| 999 |
|
|
|c 286287
|d 286287
|
| 952 |
|
|
|0 0
|1 0
|4 0
|6 297_211000000000000_ABD_A
|7 0
|9 324993
|a FLK
|b FLK
|c ST1
|d 2016-09-22
|e BK
|g 80.00
|i 787
|l 0
|o 297.211 ABD/A
|p FLK787
|r 2016-09-22
|w 2018-08-23
|y BK
|